| 000 | 00506nam a2200181 i 4500 | ||
|---|---|---|---|
| 001 | 173351 | ||
| 003 | ES-MaACL | ||
| 005 | 20230906215223.0 | ||
| 008 | 091127s1938 pr |||| | spa d | ||
| 040 |
_aSpMaBA _bspa |
||
| 080 | _a860(729.5)"19" | ||
| 100 | 1 |
_aRibera Chevremont, Evaristo. _996787 |
|
| 245 | 1 | 0 |
_aColor / _cEvaristo Ribera Chevremont. |
| 250 | _a1ยช ed. | ||
| 260 |
_aSan Juan Bautista de Puerto Rico : _b[s.n.], _c1938. |
||
| 300 |
_a197 p. ; _c24 cm. |
||
| 852 |
_aES-MaACL _jC-56984 |
||
| 999 |
_c173351 _d173351 |
||